Chess: don't get captured #6 - Sudden Death - Statistics

General Stats
  • This quiz has been taken 151 times
  • The average score is 14 of 28
Answers on the Grid
Answers color-coded by a green-red scale on the quiz's grid according to % correct below.
a8
b8
c8
d8
e8
f8
g8
h8
a7
b7
c7
d7
e7
f7
g7
h7
a6
d6
e6
f6
g6
h6
a5
b5
g5
h5
a4
b4
d4
f4
g4
h4
a3
f3
g3
h3
a2
b2
c2
d2
e2
f2
g2
h2
a1
b1
c1
d1
e1
f1
g1
h1
 
Answer Stats
Answer % Correct
c8
62%
a7
62%
d8
62%
c7
61%
h5
59%
h8
59%
h7
56%
e6
55%
a5
55%
h1
53%
f8
52%
g1
52%
g5
52%
h2
52%
g6
50%
g8
50%
f6
50%
h3
48%
f7
47%
a1
47%
f4
47%
g4
45%
c1
45%
d2
45%
e1
45%
f1
44%
g2
42%
f2
38%
No matching quizzes found
Score Distribution
Percent of People with Each Score
Percentile by Number Answered
Your Score History
You have not taken this quiz